000 00607 a2200241 4500
001 112244
020 _a0329054600
020 _a0329607103
020 _a0517570122
020 _a9780517588376
041 _apor
090 _aP Year 7 292
250 _a. ed.
300 _avi, 264 p.
697 _aClassical mythology.
697 _aMythology, Classical.
856 _u000020/00002087.jpg
040 _aBR-BrIDEA
_cBR-BrIDEA
100 _aRussell, William F.
_d1945
245 1 0 _aClassic myths to read aloud
_c William F Russell
260 _a[S.l.]
_bThree Rivers Press
_c1989
942 _cBK
999 _c112244
_d112244